|
|
|
|
| LEADER |
00000naa2a2200000 4500 |
| 001 |
384649 |
| 005 |
20231101063253.0 |
| 035 |
|
|
|a (RuTPU)RU\TPU\prd\11579
|
| 090 |
|
|
|a 384649
|
| 100 |
|
|
|a 20030317a2002 k y0rusy50 ca
|
| 101 |
0 |
|
|a rus
|
| 102 |
|
|
|a RU
|
| 200 |
1 |
|
|a Анализ риска аварий на нефтепроводных системах КТК-Р и БТС
|f А. И. Гражданкин, Д. В. Дегтярев, М. В. Лисанов и др.
|
| 225 |
1 |
|
|a Промышленная безопасность
|
| 320 |
|
|
|a Библиогр.: 14 назв.
|
| 461 |
|
1 |
|0 (RuTPU)RU\TPU\prd\1137
|t Безопасность жизнедеятельности
|o научно-практический и учебно-методический журнал
|d 2001-
|
| 463 |
|
1 |
|0 (RuTPU)RU\TPU\prd\6248
|t № 6
|v С. 17-22
|d 2002
|
| 610 |
1 |
|
|a нефтепроводные системы
|
| 610 |
1 |
|
|a оценка
|
| 610 |
1 |
|
|a анализ
|
| 610 |
1 |
|
|a аварии
|
| 610 |
1 |
|
|a риск
|
| 610 |
1 |
|
|a промышленная безопасность
|
| 675 |
|
|
|a 613.6:621.6.033
|v 3
|
| 701 |
|
1 |
|a Гражданкин
|b А. И.
|
| 701 |
|
1 |
|a Дегтярев
|b Д. В.
|
| 701 |
|
1 |
|a Лисанов
|b М. В.
|
| 701 |
|
1 |
|a Печеркин
|b А. С.
|
| 701 |
|
1 |
|a Сидоров
|b В. И.
|
| 701 |
|
1 |
|a Сумской
|b С. И.
|
| 801 |
|
1 |
|a RU
|b 63413507
|c 20030317
|g PSBO
|
| 942 |
|
|
|c BK
|